Italians by Picture - Statistics

General Stats
  • This quiz has been taken 127 times
  • The average score is 8 of 12
Answer Stats
Picture Answer % Correct
Leonardo da Vinci
86%
Benito Mussolini
85%
Silvio Berlusconi
85%
Sophia Loren
81%
Luciano Pavarotti
78%
Christopher Columbus
74%
Galileo Galilei
73%
Donatella Versace
72%
Dante Alighieri
67%
Gianluigi Buffon
58%
Roberto Benigni
55%
Umberto Eco
31%
No matching quizzes found
Score Distribution
Percent of People with Each Score
Percentile by Number Answered
Your Score History
You have not taken this quiz